| 000 | 00549nam a2200193Ia 4500 | ||
|---|---|---|---|
| 005 | 20250508164501.0 | ||
| 008 | 008 250505s9999 xx 000 0 hin d | ||
| 037 | _aTextBook | ||
| 040 |
_aFEDL _beng _cFEDL |
||
| 041 |
_ahin _2eng |
||
| 084 |
_a001.422, GAR/R _qFEDL |
||
| 100 |
_aGarrertt Henry E _9778266 |
||
| 245 | 0 | _aShiksha evam manovigyan mein sankhiakee | |
| 260 |
_aLudhiana, India _bKalyani Publishers _c1996 |
||
| 300 | _axiii,576p. | ||
| 365 |
_aINR _b80 |
||
| 942 |
_cTB _h001.422, GAR/R |
||
| 999 |
_c1389359 _d1389359 |
||